Statistics for Female Singers of the 2000's

Click here to take the quiz!

General Stats

  • This quiz has been taken 125 times
  • The average score is 11 of 16

Answer Stats

Answer% Correct
Britney Spears
94%
Taylor Swift
94%
Amy Winehouse
91%
Rihanna
90%
Avril Lavigne
84%
Beyonce
82%
Christina Aguilera
81%
Kelly Clarkson
81%
Alicia Keys
73%
Kylie Minogue
70%
Lady Gaga
63%
Carrie Underwood
56%
Ciara
37%
Duffy
33%
Norah Jones
27%
Anastacia
20%

Score Distribution

Percentile by Number Answered

Percent of People with Each Score

Your Score History

You have not taken this quiz